00784nam a22002177a 4500952013300000999001700133003000800150005001700158008004100175040002300216041000800239082002200247100002000269245006900289260005100358300002000409490005800429650003200487700003400519942001300553 a0001b0001d2020-08-14l0o891.73 G66b 1979p019363r2020-08-14 00:00:00w2020-08-14xEmine Başak Alkan Bağışıdır.yBKS c13901d13901MIRAKIL20200814165444.0200814b tu ||||| |||| 00| 0 tur d aTR-AnCHPcTR-AnCHP atur a891.73bG66b 1979 aGorbatov, Boris aBaş eğmeyenler /cBoris Gorbatav ; çeviren : Yakup Şahan aİstanbul:bSanat Emeği yayınları,c1979. a197 s.:c20 sm. aSanat Emeği yayınları ; aRoman dizisi ; v8.v4. 095112aRus EdebiyatıxRoman 96399aŞahan, Yakup eçev. 2ddccBKS